000 00482nam a2200205Ia 4500
008 240509s9999 xx 000 0 und d
020 _a0000072127562
041 _aEng
082 _a004.64
082 _bS11
100 _aSACKETT , G.C.
245 0 _aCISCO ROUTER : HANDBOOK
250 _a2nd ed.
260 _bNEW YORK : MCGRAW HILL
260 _c2001
300 _a990 p.
650 _aCOMPUTER NETWORKS : ROUTERS : NETWORK HARDWARE
942 _2ddc
942 _cRBK
999 _c22551
_d22551
945 _a1
_bMadushi Gamage
_c1
_dMadushi Gamage